| 000 | 004220000a22001810004500 | ||
|---|---|---|---|
| 003 | LK-CoMWRAF | ||
| 008 | 230817t ||||| |||| 00| 0 eng d | ||
| 040 |
_aLK-CoMWRAF _dLK-CoMWRAF _eLK-CoMWRAF |
||
| 041 | _aeng | ||
| 082 |
_a410 _bNAM |
||
| 100 | _aAthreya,V.B | ||
| 100 | _aMoorthi,Lakshmi | ||
| 245 |
_aNamathu Vazhkai _b |
||
| 260 |
_aChennai _bSOUTHVISION _c2000 |
||
| 300 | _ap.48 | ||
| 650 | _aTamil | ||
| 942 | _cBK | ||
| 999 |
_c504 _d504 |
||